000 00632 a2200193 4500
010 _aENG-85401
020 _c50.00
_a8185378002
035 _aEN-68934
037 _bD.B.Act / Pub
082 1 4 _a230.42
090 _c2215
_d2215
100 1 _aNatarajan, A. R.
245 1 _aMeditations
_cby A. R. Natarajan
_bthe Ramana way
260 _aBangalore
_bRamana Maharshi Centre for Learning
_c2004
270 _aPost office Road, Sanjay Nagar
_bBangalore
_cKarnataka
_e94
300 _a107 p
_c22 cm (Pbk)
942 _adpl
_cEN
_k230.42 / NAT
999 _c2175
_d2175